00487nam a2200205Ia 4500003000900000005001700009008004100026040001300067040001300080041000800093100002400101245008300125250001200208260001400220260000900234300001100243300001000254490001100264490000600275IT-RoPAU20220918175826.0120407s9999 xx 000 0 und d aIT-RoPAU cIT-RoPAU aita aSalvatore Privitera aDall’esperienza alla morale. Il problema “esperienza” in Teologia Morale aPalermo aEDB OFTES c1985 a296 p. c24 cm aStudi  v2